<?xml version="1.0" encoding="UTF-8"?>
<record
    xmlns:xsi="http://www.w3.org/2001/XMLSchema-instance"
    xsi:schemaLocation="http://www.loc.gov/MARC21/slim http://www.loc.gov/standards/marcxml/schema/MARC21slim.xsd"
    xmlns="http://www.loc.gov/MARC21/slim">

  <leader>02981naa a22002417i 4500</leader>
  <controlfield tag="001">7809</controlfield>
  <controlfield tag="003">KOSZ 005</controlfield>
  <controlfield tag="005">20180424123525.0</controlfield>
  <controlfield tag="008">160308s2011    pl  ||||| ||||1|| 0 pol </controlfield>
  <datafield tag="035" ind1=" " ind2=" ">
    <subfield code="a">PBN-R:314893</subfield>
  </datafield>
  <datafield tag="040" ind1=" " ind2=" ">
    <subfield code="c">KOSZ 005/md</subfield>
    <subfield code="a">PBN-ID</subfield>
    <subfield code="d">KOSZ 005/HR</subfield>
  </datafield>
  <datafield tag="041" ind1="0" ind2=" ">
    <subfield code="a">pol</subfield>
    <subfield code="b">pol</subfield>
    <subfield code="b">eng</subfield>
  </datafield>
  <datafield tag="080" ind1=" " ind2=" ">
    <subfield code="a">528</subfield>
  </datafield>
  <datafield tag="100" ind1="1" ind2=" ">
    <subfield code="a">JUCHNIEWICZ-PIOTROWSKA, Kamila.</subfield>
    <subfield code="b">Politechnika Koszali&#x144;ska - Wydzia&#x142; In&#x17C;ynierii L&#x105;dowej, &#x15A;rodowiska i Geodezji</subfield>
  </datafield>
  <datafield tag="245" ind1="1" ind2="0">
    <subfield code="a">Wzrost warto&#x15B;ci nieruchomo&#x15B;ci na skutek podzia&#x142;&#xF3;w nieruchomo&#x15B;ci lub budowy urz&#x105;dze&#x144; infrastruktury technicznej na przyk&#x142;adzie gminy Kwidzyn /</subfield>
    <subfield code="c">Kamila Juchniewicz-Piotrowska.</subfield>
  </datafield>
  <datafield tag="260" ind1=" " ind2=" ">
    <subfield code="c">2011.</subfield>
  </datafield>
  <datafield tag="520" ind1=" " ind2=" ">
    <subfield code="a">Podzia&#x142;y nieruchomo&#x15B;ci oraz inwestycje prowadzone przez gminy w ramach, kt&#xF3;rych dochodzi min. do budowy nowych urz&#x105;dze&#x144; infrastruktury technicznej mog&#x105; znacz&#x105;co wp&#x142;ywa&#x107; na wzrost warto&#x15B;&#x107; nieruchomo&#x15B;ci. W artykule poddano analizie wzrosty warto&#x15B;ci nieruchomo&#x15B;ci spowodowane podzia&#x142;ami nieruchomo&#x15B;ci oraz budow&#x105; urz&#x105;dze&#x144; infrastruktury technicznej w gminie Kwidzyn w latach 2006-2008. Z obszaru bada&#x144; wy&#x142;&#x105;czono nieruchomo&#x15B;ci, kt&#xF3;re w miejscowym planie zagospodarowania przestrzennego by&#x142;y po&#x142;o&#x17C;one na obszarach przeznaczonych na cele rolne lub le&#x15B;ne, a w przypadku braku planu miejscowego by&#x142;y wykorzystywane na cele rolne lub le&#x15B;ne, a tak&#x17C;e podzia&#x142;y przeprowadzane na nieruchomo&#x15B;ciach zabudowanych. Badania dokonano w oparciu o dane uzyskane z urz&#x119;du gminy Kwidzyn. W analizie wzi&#x119;to pod uwag&#x119; r&#xF3;&#x17C;ne czynniki mog&#x105;ce wp&#x142;ywa&#x107; na zr&#xF3;&#x17C;nicowanie wzrost&#xF3;w warto&#x15B;ci nieruchomo&#x15B;ci spowodowanych podzia&#x142;ami nieruchomo&#x15B;ci lub budow&#x105; urz&#x105;dze&#x144; infrastruktury technicznej.</subfield>
  </datafield>
  <datafield tag="520" ind1=" " ind2=" ">
    <subfield code="a">Partition of properties and investments held by the commune in which there is inter alia building a new technical infrastructure can significantly affect the increase in real estate value. The article analyzes the increases in property value due to property divisions and the construction of technical infrastructure in the commune of Kwidzyn in 2006-2008.The study area excludes the properties that in the local land development plan were located in areas intended for agricultural or forestry purposes, in the absence of a local plan have been used for agricultural or forestry purposes, and the partition carried out on developed properties as well. The study was based on data obtained from the office in the commune of Kwidzyn. The analysis took into account various factors that may affect the differentiation of property value increase caused by division of real estate or technical infrastructure construction.</subfield>
  </datafield>
  <datafield tag="711" ind1="2" ind2=" ">
    <subfield code="a">Konferencja Naukowa Towarzystwa Naukowego Nieruchomo&#x15B;ci</subfield>
    <subfield code="n">(19 ;</subfield>
    <subfield code="d">2011 ;</subfield>
    <subfield code="c">Szczecin, Polska).</subfield>
  </datafield>
  <datafield tag="773" ind1=" " ind2=" ">
    <subfield code="i">W:</subfield>
    <subfield code="t">Real Estate Management and Valuation. -</subfield>
    <subfield code="d">Towarzystwo Naukowe Nieruchomosci. -</subfield>
    <subfield code="g">2011, nr 19 (3), s. 134-145</subfield>
    <subfield code="x">1733-2478</subfield>
  </datafield>
  <datafield tag="856" ind1=" " ind2=" ">
    <subfield code="u">http://www.tnn.org.pl/tnn/publik/19/TNN_Tom_XIX_3.pdf</subfield>
    <subfield code="z">Link do zasobu</subfield>
  </datafield>
  <datafield tag="942" ind1=" " ind2=" ">
    <subfield code="c">ART</subfield>
    <subfield code="2">UKD</subfield>
  </datafield>
  <datafield tag="999" ind1=" " ind2=" ">
    <subfield code="c">7809</subfield>
    <subfield code="d">7809</subfield>
  </datafield>
</record>
